[Event "AUTO-OPEN-4577"]
[Site "http://www.queenalice.com/game.php?id=1852505"]
[Date "2025.2.20"]
[Round "1"]
[White "Givanildo"]
[Black "Canaye14"]
[Result "0-1"]
[WhiteElo "1719"]
[BlackElo "1932"]

1. d4 e6 2. Bf4 d5 3. a3 c5 4. e3 Nc6 5. Bb5 Qb6 6. Nc3 cxd4 7. exd4 Nf6 8. h3
Bd7 9. Qe2 Nxd4 10. Bxd7+ Kxd7 11. Qd2 Nc6 12. Nge2 Be7 13. O-O Rhd8 14. Be3 Qc7
15. Nb5 Qc8 16. c4 Ke8 17. Bf4 e5 18. Bh2 dxc4 19. Qe3 Kf8 20. Ng3 a6 21. Nc3
Rd3 22. Qe2 b5 23. Nce4 Ra7 24. Nxf6 Bxf6 25. Ne4 Be7 26. b3 Rxb3 27. a4 Rd7 28.
axb5 axb5 29. Bg3 Rdd3 30. h4 Nd4 31. Qa2 f5 32. Ng5 f4 33. Nxh7+ Kg8 34. Bh2
Kxh7 35. Rab1 Bxh4 36. Rxb3 Rxb3 37. g3 Nf3+ 38. Kg2 Qg4 39. Qc2+ g6 40. Kh1 Qh3
41. Qxg6+ Kxg6 42. gxh4 Qxh2# 0-1

[Event "AUTO-OPEN-4577"]
[Site "http://www.queenalice.com/game.php?id=1852506"]
[Date "2025.2.20"]
[Round "1"]
[White "Canaye14"]
[Black "Givanildo"]
[Result "1-0"]
[WhiteElo "1878"]
[BlackElo "1718"]

1. d4 d5 2. Bf4 Bf5 3. Nf3 h6 4. h3 g6 5. c3 e6 6. e3 a6 7. Nbd2 Bg7 8. Nh4 Qxh4
9. g4 Be4 10. Rg1 Nd7 11. Nxe4 dxe4 12. Qc2 Ngf6 13. O-O-O O-O-O 14. Rd2 Nd5 15.
Bg3 Qe7 16. c4 Nb4 17. Qb3 a5 18. a3 Nd3+ 19. Bxd3 exd3 20. Rxd3 e5 21. Qb5 Nb6
22. Qxa5 exd4 23. c5 dxe3 24. Rxe3 Qf6 25. Rb3 Qg5+ 26. Kb1 Nc4 27. Qxc7# 1-0

[Event "AUTO-OPEN-4577"]
[Site "http://www.queenalice.com/game.php?id=1852509"]
[Date "2025.2.20"]
[Round "1"]
[White "Givanildo"]
[Black "SGF"]
[Result "1-0"]
[WhiteElo "1630"]
[BlackElo "1712"]

1. d4 e6 2. Bf4 h6 3. e3 Qf6 4. c3 Bd6 5. Bxd6 cxd6 6. Nh3 Nc6 7. Bd3 a6 8. O-O
g5 9. d5 exd5 10. f4 Qe6 11. Qd2 g4 12. f5 Qe5 13. a4 a5 14. Nf4 Nf6 15. Na3 Ne4
16. Bxe4 dxe4 17. Nc4 Qxf5 18. Nxd6+ Kf8 19. Nxf5 Ne5 20. Qd5 f6 21. Nh5 Ra6 22.
Qc5+ Kf7 23. Qe7+ Kg6 24. Qxf6+ Rxf6 25. Nxf6 Kxf6 26. Nd6+ Ke6 27. Nxe4 d5 28.
Nc5+ Kd6 29. b4 b6 30. Rf6+ Ke7 31. Rxb6 axb4 32. cxb4 Nc4 33. Rc6 Nxe3 34. Re1
d4 35. Rc7+ Kd6 36. Rg7 h5 37. Ne4+ Ke5 38. Ng3 Be6 39. Rg5+ Kf4 40. Rc5 d3 41.
Nxh5+ Rxh5 42. Rxh5 Bd5 43. g3+ Ke4 44. Kf2 Kd4 45. Rxe3 d2 46. Rxd5+ Kxd5 47.
Rd3+ Kc4 48. Rxd2 Kxb4 49. Rd4+ Ka5 50. Rxg4 Kb6 51. h4 Ka5 52. h5 Kb6 53. Rg6+
Ka5 54. h6 Kxa4 55. h7 Kb4 56. h8=Q Kc5 57. Qe5+ Kc4 58. Rc6+ Kb4 59. Qd4+ Kb5
60. Qc5+ Ka4 61. Qc4+ Ka3 62. Ra6+ Kb2 63. Ra2+ Kb1 64. Qc2# 1-0

[Event "AUTO-OPEN-4577"]
[Site "http://www.queenalice.com/game.php?id=1852510"]
[Date "2025.2.20"]
[Round "1"]
[White "SGF"]
[Black "Givanildo"]
[Result "1-0"]
[WhiteElo "1678"]
[BlackElo "1712"]

1. e4 d5 2. Qf3 dxe4 3. Qxe4 Nf6 4. Qf3 e5 5. d3 Qd6 6. a3 Bg4 7. Qg3 Nbd7 8. h3
Bf5 9. Be2 O-O-O 10. Nc3 a6 11. Bg5 h6 12. Bxf6 gxf6 13. Qe3 Qc6 14. Bf3 e4 15.
Bxe4 Bxe4 16. dxe4 Ne5 17. Nf3 Nxf3+ 18. Qxf3 h5 19. O-O Be7 20. Nd5 Rxd5 21.
exd5 Qd6 22. c4 Qe5 23. Rae1 Qd6 24. b4 b6 25. h4 Qd8 26. Re4 Qd6 27. Rfe1 Re8
28. Qxh5 a5 29. Qxf7 Rf8 30. Qxe7 axb4 31. Qxf8+ Qxf8 32. Re8+ Qxe8 33. Rxe8+
Kd7 34. Re3 bxa3 35. Rxa3 Kd6 36. h5 f5 37. h6 f4 38. h7 f3 39. Rxf3 Kc5 40. Rf4
b5 41. h8=Q bxc4 42. Qd4+ Kd6 43. Qxc4 c5 44. dxc6 Kc7 45. g4 Kc8 46. Qf7 Kd8
47. Qd7# 1-0

[Event "Challenge"]
[Site "http://www.queenalice.com/game.php?id=1853533"]
[Date "2025.3.8"]
[Round "-"]
[White "Givanildo"]
[Black "crisvolei"]
[Result "1-0"]
[WhiteElo "1690"]
[BlackElo "1605"]

1. d4 c5 2. Bf4 d6 3. d5 Qa5+ 4. c3 c4 5. e4 f6 6. Bxc4 h5 7. h3 g5 8. Be3 b5 9.
Bb3 e5 10. dxe6 Nc6 11. Ne2 Nge7 12. Qxd6 b4 13. O-O bxc3 14. Nbxc3 Ba6 15. Qd7#
1-0

[Event "AUTO-INT-3901"]
[Site "http://www.queenalice.com/game.php?id=1853606"]
[Date "2025.3.9"]
[Round "2"]
[White "Carlos19"]
[Black "Givanildo"]
[Result "1-0"]
[WhiteElo "1580"]
[BlackElo "1685"]

1. e4 d5 2. e5 Bf5 3. c4 e6 4. d4 Bb4+ 5. Nc3 Nh6 6. a3 Bxc3+ 7. bxc3 c6 8. cxd5
Qxd5 9. c4 Qa5+ 10. Bd2 Qb6 11. Be3 Ng4 12. d5 Nxe3 13. fxe3 Qxe3+ 14. Be2 O-O
15. dxc6 Nxc6 16. Nf3 Rad8 17. Qc1 Rd7 18. Qxe3 h6 19. Nh4 Bh7 20. O-O Nd4 21.
Bd1 g5 22. Nf3 Nf5 23. Qxa7 g4 24. Ne1 g3 25. h3 Re7 26. Rb1 Nh4 27. Rxb7 Nf5
28. Rxe7 Nxe7 29. Qxe7 Bg6 30. Nf3 Rc8 31. Nh4 Bh5 32. Bxh5 Rf8 33. Bxf7+ Rxf7
34. Qxf7+ Kh8 35. Ng6# 1-0

[Event "AUTO-INT-3901"]
[Site "http://www.queenalice.com/game.php?id=1853607"]
[Date "2025.3.9"]
[Round "2"]
[White "Givanildo"]
[Black "Carlos19"]
[Result "1-0"]
[WhiteElo "1677"]
[BlackElo "1606"]

1. d4 e6 2. Bf4 Nc6 3. e3 Nf6 4. h3 h6 5. a3 g5 6. Bg3 Ne4 7. Bh2 Bd6 8. Nf3
Bxh2 9. Nxh2 f5 10. Bd3 d5 11. O-O a5 12. c3 h5 13. Qf3 g4 14. hxg4 fxg4 15. Qf4
b6 16. Bb5 Bd7 17. f3 gxf3 18. Rxf3 Na7 19. Qf7# 1-0

[Event "AUTO-ADV-4851"]
[Site "http://www.queenalice.com/game.php?id=1853654"]
[Date "2025.3.10"]
[Round "1"]
[White "Givanildo"]
[Black "bdpq"]
[Result "0-1"]
[WhiteElo "1696"]
[BlackElo "1685"]

1. d4 e5 2. dxe5 d6 3. exd6 Bxd6 4. a3 Nf6 5. h3 O-O 6. Bg5 Be7 7. Qxd8 Bxd8 8.
e3 h6 9. Bf4 Nd5 10. Bd3 Re8 11. Nf3 Nxf4 12. Bc4 Nxg2+ 13. Kf1 Nh4 14. Nxh4
Bxh4 15. Nd2 Nc6 16. Nf3 Bf6 17. Rg1 Bxh3+ 18. Ke1 Nd4 19. Nxd4 Bxd4 20. Kd2
Bxb2 21. Rab1 Red8+ 22. Bd3 Bxa3 23. Ke2 b6 24. e4 Bc5 25. e5 Rd5 26. f4 Bxg1
27. Rxg1 Rd4 28. Rg3 Be6 29. Ke3 c5 30. c3 Rd7 31. f5 Bd5 32. c4 Bc6 33. f6 g6
34. e6 Rd6 35. exf7+ Kxf7 36. Rxg6 Rg8 37. Rxh6 Rxf6 38. Rh7+ Ke6 39. Rxa7 Rf3+
40. Ke2 Rg2+ 41. Ke1 Rxd3 42. Re7+ Kxe7 43. Kf1 Ra2 44. Ke1 Rb3 45. Kd1 Rb1# 0-1

[Event "AUTO-ADV-4851"]
[Site "http://www.queenalice.com/game.php?id=1853655"]
[Date "2025.3.10"]
[Round "1"]
[White "bdpq"]
[Black "Givanildo"]
[Result "0-1"]
[WhiteElo "1697"]
[BlackElo "1659"]

1. e4 d5 2. exd5 Qxd5 3. Nc3 Qe5+ 4. Nge2 Bf5 5. g3 e6 6. Bg2 Nc6 7. O-O O-O-O
8. d3 h6 9. Bxc6 bxc6 10. Bf4 Qf6 11. Na4 Bh3 12. Re1 c5 13. Kh1 e5 14. Be3 Qc6+
15. f3 Qxf3+ 16. Kg1 Qg2# 0-1

[Event "AUTO-OPEN-4581"]
[Site "http://www.queenalice.com/game.php?id=1853766"]
[Date "2025.3.12"]
[Round "1"]
[White "game"]
[Black "Givanildo"]
[Result "1-0"]
[WhiteElo "1460"]
[BlackElo "1729"]

1. e4 d5 2. d3 d4 3. Nf3 Bg4 4. Be2 e6 5. Ne5 Bxe2 6. Qxe2 Bd6 7. f4 Nf6 8. g4
O-O 9. g5 Ne8 10. h4 g6 11. h5 Bxe5 12. fxe5 Nd7 13. hxg6 fxg6 14. Qh2 Qe7 15.
c3 Nxe5 16. Qxe5 Ng7 17. cxd4 Nh5 18. b3 b6 19. Bb2 Nf4 20. Kd2 Ng2 21. d5 Rf2+
22. Kc1 Kf7 23. Rxh7+ Ke8 24. Rxe7+ Kxe7 25. Qxe6+ Kf8 26. Nd2 Re8 27. Qxg6 Re7
28. Bf6 Rf7 29. Qh6+ Ke8 30. Kc2 Ne3+ 31. Kc3 Ng4 32. Qh8+ Rf8 33. Qh5+ Rf7 34.
Qxg4 b5 35. Qc8# 1-0

[Event "AUTO-OPEN-4581"]
[Site "http://www.queenalice.com/game.php?id=1853767"]
[Date "2025.3.12"]
[Round "1"]
[White "Givanildo"]
[Black "game"]
[Result "1-0"]
[WhiteElo "1685"]
[BlackElo "1471"]

1. d4 d5 2. Bf4 Bf5 3. e3 Nc6 4. a3 Nf6 5. h3 Ne4 6. Bd3 e6 7. Nd2 Be7 8. Ne2
Bf6 9. O-O g5 10. Bh2 Rg8 11. Nxe4 dxe4 12. Bb5 Qd5 13. c4 Qd7 14. d5 exd5 15.
cxd5 Bxb2 16. Rb1 Bxa3 17. Nd4 Qxd5 18. Nxf5 Qxf5 19. g4 Qc5 20. Bxc7 Ke7 21.
Ba4 h5 22. Rxb7 hxg4 23. Bd6+ Ke6 24. Bxc5 Rgd8 25. Bb3+ Kf5 26. Qxg4+ Kg6 27.
Bxf7+ Kf6 28. Qxe4 Na5 29. Qe7+ Kg7 30. Be8+ Kh6 31. Qh7# 1-0

[Event "AUTO-INT-3907"]
[Site "http://www.queenalice.com/game.php?id=1854334"]
[Date "2025.3.21"]
[Round "2"]
[White "Givanildo"]
[Black "nicholasmorassutti"]
[Result "1-0"]
[WhiteElo "1702"]
[BlackElo "1580"]

1. d4 d5 2. Bf4 Nf6 3. h3 Nc6 4. e3 a6 5. Nc3 Bf5 6. Nf3 h6 7. Be2 e6 8. Ne5 g5
9. Nxc6 bxc6 10. O-O Bb4 11. Na4 gxf4 12. exf4 Qd6 13. Nc5 O-O-O 14. Bxa6+ Kb8
15. c3 Bxc5 16. dxc5 Qxf4 17. Qb3+ Ka7 18. Qb7# 1-0

[Event "AUTO-INT-3907"]
[Site "http://www.queenalice.com/game.php?id=1854335"]
[Date "2025.3.21"]
[Round "2"]
[White "hjs50667"]
[Black "Givanildo"]
[Result "1-0"]
[WhiteElo "2201"]
[BlackElo "1731"]

1. e4 d5 2. exd5 Qxd5 3. Nc3 Qe5+ 4. Be2 Bf5 5. Nf3 Qd6 6. d4 e6 7. O-O Be7 8.
Nb5 Na6 9. Nxd6+ cxd6 10. Bxa6 bxa6 11. c3 Nh6 12. Qa4+ Kf8 13. Qc6 f6 14. Qxa8+
Kf7 15. Qxh8 Ng8 16. Nh4 Bd3 17. Re1 f5 18. Qxh7 Nf6 19. Qg6+ Kg8 20. Bh6 Bf8
21. Rxe6 Ng4 22. Bxg7 Bxg7 23. Re8# 1-0

[Event "AUTO-INT-3907"]
[Site "http://www.queenalice.com/game.php?id=1854336"]
[Date "2025.3.21"]
[Round "2"]
[White "Givanildo"]
[Black "hjs50667"]
[Result "0-1"]
[WhiteElo "1687"]
[BlackElo "2203"]

1. d4 Nf6 2. h3 e6 3. Bg5 d5 4. a3 c5 5. e3 Nc6 6. dxc5 Bxc5 7. Nf3 O-O 8. b4
Bd6 9. Nc3 a6 10. Be2 Ne5 11. Nxe5 Bxe5 12. Qd2 Qc7 13. Nxd5 Nxd5 14. Rd1 Bc3
15. O-O Bxd2 16. Rxd2 Nc3 17. Bd3 b5 18. Bf4 e5 19. Bg3 Bb7 20. e4 Rad8 21. f4
Nxe4 22. Bxe4 Rxd2 23. Bd3 Rxg2+ 24. Kh1 Qc6 25. Bh4 Rg1+ 26. Kxg1 Qg2# 0-1

[Event "AUTO-INT-3924"]
[Site "http://www.queenalice.com/game.php?id=1854450"]
[Date "2025.3.24"]
[Round "1"]
[White "SGF"]
[Black "Givanildo"]
[Result "1-0"]
[WhiteElo "1699"]
[BlackElo "1701"]

1. e4 d5 2. Qf3 dxe4 3. Qxe4 Nf6 4. Qa4+ c6 5. f3 e5 6. g4 g5 7. Nc3 Bd7 8. a3
c5 9. Bb5 Nc6 10. d3 Bd6 11. Bxg5 Rg8 12. h4 a6 13. Nd5 Rxg5 14. Nxf6+ Qxf6 15.
hxg5 Qxg5 16. Rxh7 Qe3+ 17. Ne2 Ra7 18. Bxc6 Bxc6 19. Qb3 Qxf3 20. O-O-O Qxg4
21. Qxf7+ Kd8 22. Rh8+ Be8 23. Rxe8# 1-0

[Event "AUTO-INT-3924"]
[Site "http://www.queenalice.com/game.php?id=1854464"]
[Date "2025.3.24"]
[Round "1"]
[White "jenyasm"]
[Black "Givanildo"]
[Result "1-0"]
[WhiteElo "1666"]
[BlackElo "1673"]

1. e4 d5 2. f3 dxe4 3. fxe4 h5 4. d4 e5 5. d5 Bc5 6. Ne2 Bg4 7. h3 Bxh3 8. Rxh3
Nf6 9. Nbc3 a6 10. a3 O-O 11. Ng1 Bxg1 12. Be3 Bxe3 13. Rxe3 Ng4 14. Rg3 Qh4 15.
Qf3 Nh2 16. Qd3 f5 17. Kd2 fxe4 18. Nxe4 Nd7 19. Qe3 Rxf1 20. Rh3 Qf4 21. Qxf4
Rxf4 22. Kd3 c5 23. Rxh2 b5 24. Rxh5 c4+ 25. Ke3 Raf8 26. Rah1 Rxe4+ 27. Kxe4
Rf4+ 28. Ke3 Nf6 29. Rxe5 Rg4 30. Kf3 Rg6 31. Rd1 Nh5 32. Rxh5 Rf6+ 33. Kg3 Rg6+
34. Kh2 Rh6 35. Rxh6 gxh6 36. d6 h5 37. d7 Kf7 38. d8=Q h4 39. Rd6 h3 40. Qc7+
Ke8 41. Rd8# 1-0

[Event "AUTO-INT-3924"]
[Site "http://www.queenalice.com/game.php?id=1854465"]
[Date "2025.3.24"]
[Round "1"]
[White "Givanildo"]
[Black "jenyasm"]
[Result "1-0"]
[WhiteElo "1661"]
[BlackElo "1673"]

1. d4 d5 2. Bf4 e6 3. a3 Nc6 4. e3 h6 5. Bd3 g5 6. Bg3 f5 7. Ne2 a6 8. O-O Bd6
9. f4 g4 10. Nbc3 h5 11. b4 h4 12. b5 axb5 13. Bxb5 Bxa3 14. Bxh4 Rxh4 15. Rxa3
Rxa3 16. Qe1 Bd7 17. Na4 Na7 18. Bxd7+ Qxd7 19. Nc5 Qc6 20. g3 Rh3 21. Qb4 Rxe3
22. Rf2 Nb5 23. Nd3 b6 24. Ne5 Qxc2 25. Qxb5+ Ke7 26. Qd7+ 1-0

[Event "AUTO-ADV-4855"]
[Site "http://www.queenalice.com/game.php?id=1854584"]
[Date "2025.3.27"]
[Round "1"]
[White "Givanildo"]
[Black "Canaye14"]
[Result "1-0"]
[WhiteElo "1677"]
[BlackElo "1876"]

1. d4 e6 2. Bf4 d5 3. a3 c5 4. e3 Nc6 5. Bb5 Qb6 6. Bxc6+ bxc6 7. Ne2 Qxb2 8.
Nd2 c4 9. O-O c3 10. Nb3 Bxa3 11. Nc5 Bxc5 12. dxc5 Ba6 13. Rxa6 Ne7 14. Bd6 Nf5
15. Be5 Qb5 16. Qd3 Qxc5 17. Rb1 O-O 18. Nd4 Ne7 19. Nb3 Qb5 20. Qxc3 Qxa6 21.
Bxg7 Qc4 22. Qf6 Ng6 23. Bh6 1-0

[Event "AUTO-ADV-4855"]
[Site "http://www.queenalice.com/game.php?id=1854585"]
[Date "2025.3.27"]
[Round "1"]
[White "Canaye14"]
[Black "Givanildo"]
[Result "1-0"]
[WhiteElo "1908"]
[BlackElo "1680"]

1. d4 d5 2. Bf4 Bf5 3. Nf3 h6 4. e3 e6 5. c3 a6 6. Bd3 Bxd3 7. Qxd3 Nf6 8. Nbd2
Ne4 9. Nxe4 dxe4 10. Qxe4 Nc6 11. O-O g6 12. Rad1 Bg7 13. h3 f5 14. Qxe6+ Ne7
15. Rfe1 g5 16. Be5 Bxe5 17. Nxe5 Rf8 18. d5 Qd6 19. Ng6 Qxe6 20. dxe6 Nxg6 21.
Rd7 Ne5 22. Rxc7 Rd8 23. Rxb7 Rc8 24. Rd1 f4 25. Rd5 Rf5 26. e4 Nf3+ 27. gxf3
Rxd5 28. exd5 Rd8 29. c4 Rc8 30. b3 a5 31. d6 Kf8 32. Rh7 Rc6 33. d7 Kg8 34.
d8=Q+ Kxh7 35. Qd7+ Kg6 36. Qxc6 Kh5 37. e7 Kh4 38. e8=Q h5 39. Qcg6 a4 40.
Qxh5# 1-0

[Event "AUTO-OPEN-4584"]
[Site "http://www.queenalice.com/game.php?id=1854627"]
[Date "2025.3.27"]
[Round "1"]
[White "game"]
[Black "Givanildo"]
[Result "0-1"]
[WhiteElo "1557"]
[BlackElo "1685"]

1. e4 d5 2. d3 dxe4 3. d4 Bf5 4. Qh5 g6 5. Qd1 Bg7 6. Be3 h5 7. Bg5 f6 8. Be3 a6
9. Nc3 e5 10. Na4 Ne7 11. Qe2 exd4 12. Rd1 d3 13. cxd3 exd3 14. Qf3 O-O 15. g4
Bxg4 16. Qxb7 Bxd1 17. Qxa8 Bxa4 18. Qe4 Bc6 19. Qc4+ Kh7 20. f3 Re8 21. Bxd3
Bd5 22. Qb4 Nbc6 23. Qf4 f5 24. Nh3 Ng8 25. Ng5+ Kh8 26. Be4 fxe4 27. Kf2 exf3
28. Rd1 Nf6 29. Rc1 Ne4+ 30. Kxf3 Nxg5+ 31. Kf2 Nh3+ 0-1